[Event "Faxe EMT 2009"]
[Site "Faxe"]
[Date "2009.05.06"]
[Round "7"]
[White "Nielsen, Johannes"]
[Black "Eriksen, Knud Ejler"]
[Result "0-1"]
[WhiteElo "1000"]
[BlackElo "1255"]
[PlyCount "78"]
[EventDate "2009.??.??"]

1. e4 e5 2. Nf3 Nc6 3. Bc4 Be7 4. c3 Nf6 5. d3 d6 6. h3 h6 7. O-O O-O 8. Re1 a6
9. d4 exd4 10. cxd4 Rb8 11. Nc3 b5 12. Bd3 Bb7 13. a3 Qc8 14. d5 Ne5 15. Nxe5
dxe5 16. Be3 Bd6 17. Ne2 c6 18. Rc1 Qd7 19. Nc3 cxd5 20. Nxd5 Nxd5 21. exd5
Bxd5 22. Bc2 Qb7 23. f3 Be7 24. Rf1 Rbd8 25. Qe1 Bc4 26. Qg3 Bxf1 27. Bxh6 Qb6+
28. Kxf1 Qxh6 29. Re1 Bh4 30. Qxe5 Bxe1 31. Qxe1 Rfe8 32. Qb1 Qh4 33. Bh7+ Qxh7
34. Qxh7+ Kxh7 35. Kf2 Re7 36. b4 Rde8 37. Kg3 Re3 38. Kf2 Rxa3 39. Kg3 Rb3 0-1

[Event "Faxe EMT 2009"]
[Site "Faxe"]
[Date "2009.05.06"]
[Round "7"]
[White "Refsgaard, Kaj"]
[Black "Jakobsen, Henning"]
[Result "1-0"]
[WhiteElo "1524"]
[BlackElo "1141"]
[PlyCount "105"]
[EventDate "2009.??.??"]

1. Nf3 d6 2. g3 Nf6 3. d3 Nc6 4. Bg2 g6 5. O-O Bg7 6. c3 O-O 7. Bg5 Nd7 8. Qc1
f6 9. Bh6 Rf7 10. Nh4 Nde5 11. Bxg7 Rxg7 12. d4 Nf7 13. e4 e5 14. d5 Ne7 15. c4
f5 16. exf5 Bxf5 17. Nc3 Bd3 18. Re1 Nf5 19. Nxf5 Bxf5 20. Qe3 Ng5 21. h4 Nf7
22. Rf1 Qd7 23. Ne4 Bxe4 24. Bxe4 b6 25. Kh2 Rf8 26. f4 exf4 27. Rxf4 Ne5 28.
Rxf8+ Kxf8 29. Qe2 Rf7 30. Bg2 Ng4+ 31. Kg1 Ne5 32. b3 Qg4 33. Qxg4 Nxg4 34.
Bh3 h5 35. Bxg4 hxg4 36. Rf1 Rf3 37. Kg2 Rxf1 38. Kxf1 Kf7 39. Ke2 Kf6 40. Kd3
Ke5 41. a4 a6 42. b4 a5 43. b5 Kf5 44. Kd4 Kf6 45. Ke4 Kf7 46. Kf4 Kf6 47. Kxg4
Kf7 48. Kg5 Kg7 49. g4 Kf7 50. h5 gxh5 51. Kxh5 Kg7 52. Kg5 Kf7 53. Kh6 1-0

[Event "Faxe EMT 2009"]
[Site "Faxe"]
[Date "2009.05.06"]
[Round "7"]
[White "Johannsen, Bjorn"]
[Black "Hansen, Knud"]
[Result "1/2-1/2"]
[WhiteElo "1499"]
[BlackElo "1633"]
[PlyCount "57"]
[EventDate "2009.??.??"]

1. d4 d5 2. Bf4 e6 3. e3 Nf6 4. Bd3 g6 5. Nf3 Bg7 6. c3 O-O 7. Nbd2 Nbd7 8. O-O
a6 9. Bg5 c5 10. Re1 Qc7 11. Bf4 Qb6 12. Rb1 Nh5 13. Bg3 Nxg3 14. hxg3 e5 15.
dxe5 Nxe5 16. Nxe5 Bxe5 17. c4 d4 18. e4 Qc6 19. f4 Bg7 20. b3 Bd7 21. Kf2 Rae8
22. Rh1 Qc8 23. Rh2 h5 24. Qc2 Bg4 25. Rbh1 Qe6 26. Nf3 Re7 27. Re1 Rc8 28.
Rhh1 Qd7 29. Nh2 1/2-1/2

[Event "Faxe EMT 2009"]
[Site "Faxe"]
[Date "2009.05.06"]
[Round "7"]
[White "Brinkhard, Anders"]
[Black "Hansen, Arne Mandrup"]
[Result "1/2-1/2"]
[WhiteElo "1432"]
[BlackElo "1397"]
[PlyCount "106"]
[EventDate "2009.??.??"]

1. d4 Nf6 2. Nf3 d5 3. h3 Bf5 4. Bf4 e6 5. e3 c5 6. c3 Nc6 7. Nbd2 h6 8. Ne5
Bd6 9. Qa4 Bxe5 10. Bxe5 O-O 11. Bh2 c4 12. Be2 Qb6 13. b4 cxb3 14. Qxb3 Qxb3
15. axb3 a6 16. O-O Rfc8 17. Rfc1 Ne4 18. Nxe4 Bxe4 19. Bd6 Na7 20. Bc5 Nc6 21.
b4 b5 22. Ra3 e5 23. Rca1 exd4 24. exd4 Nd8 25. Rxa6 Rxa6 26. Rxa6 Ne6 27. Bxb5
Nxc5 28. bxc5 Bf5 29. Ra1 Be6 30. Be2 Kf8 31. Ra7 Rb8 32. c6 Rb3 33. Ra8+ Ke7
34. c7 Rxc3 35. Ra7 Kd6 36. f4 Rxc7 37. Rxc7 Kxc7 38. Kf2 g5 39. Kg3 Kd6 40.
fxg5 hxg5 41. h4 gxh4+ 42. Kxh4 Ke7 43. Kg5 f6+ 44. Kf4 Kf7 45. Bf3 Ke7 46. g4
Kf7 47. Be2 Ke7 48. Bd3 Kf7 49. g5 fxg5+ 50. Kxg5 Ke7 51. Bg6 Kd6 52. Kf6 Bh3
53. Bf5 Bf1 1/2-1/2

[Event "Faxe EMT 2009"]
[Site "Faxe"]
[Date "2009.05.06"]
[Round "7"]
[White "Christoffersen, Ib"]
[Black "Hansen, Borge"]
[Result "1-0"]
[WhiteElo "1421"]
[BlackElo "1511"]
[PlyCount "75"]
[EventDate "2009.??.??"]

1. d4 d5 2. Nc3 e6 3. Nf3 h6 4. a3 c5 5. e3 a6 6. Be2 Nc6 7. Bd2 Nf6 8. Ne5
cxd4 9. Nxc6 bxc6 10. exd4 Be7 11. O-O O-O 12. Bf4 Bd6 13. Bg3 Qc7 14. Qd3 Bxg3
15. fxg3 c5 16. Rf2 c4 17. Qe3 Rb8 18. Raf1 Nh7 19. Nd1 Qe7 20. Bh5 f6 21. Bg6
Rd8 22. Bxh7+ Kxh7 23. c3 Bd7 24. g4 Be8 25. g5 hxg5 26. Qh3+ Kg8 27. Ne3 Bg6
28. Qf3 Kf8 29. Ng4 Ke8 30. Qd1 Qd7 31. Rxf6 Bf5 32. R1xf5 exf5 33. Qe2+ Qe7
34. Re6 Rd7 35. Rxe7+ Rxe7 36. Ne5 Rb6 37. Qh5+ g6 38. Qh8# 1-0

[Event "Faxe EMT 2009"]
[Site "Faxe"]
[Date "2009.05.06"]
[Round "7"]
[White "Strandsbjerg, Jens"]
[Black "Wehlast, Svend Erik"]
[Result "1/2-1/2"]
[WhiteElo "1529"]
[BlackElo "1479"]
[PlyCount "65"]
[EventDate "2009.??.??"]

1. d4 d5 2. c4 e6 3. Nc3 Nf6 4. Bg5 Be7 5. e3 O-O 6. Nf3 h6 7. Bh4 c5 8. dxc5
g5 9. Bg3 Bxc5 10. Be2 Bb4 11. Be5 Ne4 12. Qc2 f6 13. Bxb8 Rxb8 14. O-O f5 15.
cxd5 Bxc3 16. bxc3 Qxd5 17. Rfd1 Qc5 18. Rac1 b5 19. Nd4 g4 20. Bxg4 b4 21. Bf3
Nxc3 22. Qb3 Rb6 23. Qc2 Qc4 24. Nb3 Ra6 25. Rd4 Qb5 26. Ra1 Ra3 27. Qd2 Qb6
28. Rd6 Qc7 29. Rd4 a5 30. g3 Qb6 31. Rd6 Qc7 32. Rc6 Qg7 33. Rd6 1/2-1/2

[Event "Faxe EMT 2009"]
[Site "Faxe"]
[Date "2009.05.06"]
[Round "7"]
[White "Jensen, Leif"]
[Black "Andersen, Bjarne Hjorth"]
[Result "1-0"]
[WhiteElo "1990"]
[BlackElo "1881"]
[PlyCount "107"]
[EventDate "2009.??.??"]

1. e4 d5 2. Nc3 dxe4 3. Nxe4 Nd7 4. d4 Ngf6 5. Bd3 Nxe4 6. Bxe4 Nf6 7. Bd3 c6
8. c3 Qd5 9. f3 Bf5 10. Ne2 Bxd3 11. Qxd3 e6 12. O-O Bd6 13. Bf4 Bxf4 14. Nxf4
Qd6 15. Ne2 O-O 16. Rad1 Rad8 17. Rfe1 Qc7 18. Qc2 c5 19. dxc5 Qxc5+ 20. Kh1
Qf2 21. Nd4 Qxc2 22. Nxc2 Rc8 23. Kg1 Rfd8 24. Kf2 Kf8 25. Nd4 a6 26. Nb3 Rxd1
27. Rxd1 Ke7 28. g3 Rc7 29. Ke3 Nd7 30. Nc1 Ne5 31. Ke2 h6 32. Nd3 Nxd3 33.
Rxd3 b5 34. Rd4 Rc5 35. a4 bxa4 36. Rxa4 Rb5 37. b4 Rb6 38. c4 e5 39. Ke3 Ke6
40. c5 Rc6 41. Kd3 Kd5 42. Ra3 f5 43. Kc3 g5 44. Ra1 e4 45. fxe4+ fxe4 46. Rd1+
Ke5 47. Kc4 e3 48. Kd3 Kd5 49. Kxe3+ Kc4 50. Rd6 Rc8 51. Rxa6 Kxb4 52. Rxh6
Rxc5 53. Rh5 Rc2 54. Kf3 1-0

[Event "Faxe EMT 2009"]
[Site "Faxe"]
[Date "2009.05.06"]
[Round "7"]
[White "Larsen, Paul M"]
[Black "Christensen, Lars (1957)"]
[Result "1-0"]
[WhiteElo "1613"]
[BlackElo "1998"]
[PlyCount "106"]
[EventDate "2009.??.??"]

1. e4 e6 2. d4 d5 3. e5 c5 4. f4 Nc6 5. Nf3 c4 6. c3 a5 7. a4 Rb8 8. Be2 b5 9.
axb5 Rxb5 10. Na3 Rb6 11. O-O Bd7 12. Kh1 g6 13. Qe1 Be7 14. Qf2 Nh6 15. f5
Nxf5 16. g4 Qb8 17. gxf5 exf5 18. Bg5 Bxg5 19. Nxg5 h6 20. Bxc4 Rxb2 21. Rab1
Rxf2 22. Rxb8+ Nxb8 23. Rxf2 dxc4 24. Rb2 Ke7 25. Nh3 Be6 26. Nf4 Rc8 27. Rb7+
Bd7 28. d5 g5 29. Nh5 Kf8 30. Nf6 Ba4 31. Kg1 Na6 32. Nb5 Nc5 33. Rxf7+ Kxf7
34. Nd6+ Kf8 35. Nxc8 Ne4 36. Nxe4 fxe4 37. Kf2 Bc2 38. d6 e3+ 39. Kxe3 Bf5 40.
Ne7 Be6 41. Nc6 a4 42. Nd4 Bd5 43. Nc2 Ke8 44. Kd4 Be6 45. Kc5 h5 46. Kb4 g4
47. Ne3 h4 48. Nf1 Kd7 49. Kxa4 Kc6 50. Kb4 Kd5 51. Ne3+ Kxe5 52. Nxc4+ Bxc4
53. d7 g3 1-0